UM Logo

General injection transformer turn ratio design method and hybrid harmonic reduction methods for series-connected multipulse rectifiers / (Record no. 21568)

MARC details
000 -LEADER
fixed length control field 01198nam a22002657a 4500
003 - CONTROL NUMBER IDENTIFIER
control field OSt
005 - DATE AND TIME OF LATEST TRANSACTION
control field 20250410111345.0
008 - FIXED-LENGTH DATA ELEMENTS--GENERAL INFORMATION
fixed length control field 240912b ||||| |||| 00| 0 eng d
040 ## - CATALOGING SOURCE
Transcribing agency 0
082 ## - DEWEY DECIMAL CLASSIFICATION NUMBER
Classification number DPer 621.317 Ie21 December 2022 v.37 n. 12 part 1&2.
100 ## - MAIN ENTRY--PERSONAL NAME
Personal name Li, Quanhui.
Relator term author.
9 (RLIN) 60882
245 ## - TITLE STATEMENT
Title General injection transformer turn ratio design method and hybrid harmonic reduction methods for series-connected multipulse rectifiers /
Statement of responsibility, etc. Quanhui Li, Qingxiao Du, Xinyu Yin, Lei Gao, and Fangang Meng.
260 ## - PUBLICATION, DISTRIBUTION, ETC. (IMPRINT)
Place of publication, distribution, etc. New York ;
Name of publisher, distributor, etc. The Institute of Electrical and Electronics Engineers, Inc.,
Date of publication, distribution, etc. December 2022.
300 ## - PHYSICAL DESCRIPTION
Extent volume 37, pages 15457-15468,
Other physical details illustration.
500 ## - GENERAL NOTE
General note IEEE Transactions on Power Electronics, v. 37 n. 12, pages 15457-15468, December 2022.
650 #0 - SUBJECT ADDED ENTRY--TOPICAL TERM
Topical term or geographic name as entry element injection transformer design.
9 (RLIN) 66290
650 #0 - SUBJECT ADDED ENTRY--TOPICAL TERM
Topical term or geographic name as entry element method of minimization error energy.
9 (RLIN) 66291
650 #0 - SUBJECT ADDED ENTRY--TOPICAL TERM
Topical term or geographic name as entry element series-connected multipulse rectifier.
9 (RLIN) 66292
700 ## - ADDED ENTRY--PERSONAL NAME
Personal name Li, Quanhui.
Relator term author.
9 (RLIN) 60882
700 ## - ADDED ENTRY--PERSONAL NAME
Personal name Du, Qingxiao.
Relator term author.
9 (RLIN) 60883
700 ## - ADDED ENTRY--PERSONAL NAME
Personal name Yin, Xinyu.
Relator term author.
9 (RLIN) 60884
700 ## - ADDED ENTRY--PERSONAL NAME
Personal name Gao, Lei.
Relator term author.
9 (RLIN) 60885
700 ## - ADDED ENTRY--PERSONAL NAME
Personal name Meng, Fangang.
Relator term author.
9 (RLIN) 60886
942 ## - ADDED ENTRY ELEMENTS (KOHA)
Source of classification or shelving scheme Dewey Decimal Classification
Koha item type Periodicals
Holdings
Withdrawn status Lost status Source of classification or shelving scheme Damaged status Not for loan Collection code Home library Current library Date acquired Total Checkouts Full call number Date last seen Price effective from Koha item type Public note
    Dewey Decimal Classification     Periodicals UM Digos College - LIC UM Digos College - LIC 09/12/2024   DPer 621.317 Ie21 December 2022 v.37 n. 12 part 1&2. 09/12/2024 09/12/2024 Periodicals Periodical Article